000 02255cam a2200169 4500500
005 20251228092702.0
041 _afre
042 _adc
100 1 0 _aRomer, Jean-Christophe
_eauthor
245 0 0 _aThomas GOMART, Double détente. Les relations franco-soviétiques de 1958 à 1964, Paris, Publications de la Sorbonne, 2003, 494 p. B. KONTIS, I. MOURELOS, K. PAPOULIDIS, M. PROZUMENCHTCHIKOV, N. SMIRNOVA, N. TOMILINA, KPSS i formirovanie sovetskoj politiki na balkanah v 1950h-pervoj polovine 1960h gg (Le PCUS et la formation de la politique soviétique dans les Balkans, des années 1950 à la première moitié des années 1960), Salonique, Paratiritis, 2003, 418 p. (94 textes).
260 _c2005.
500 _a96
520 _aL’adieu au gladiateur ? La mondialisation suscite de nombreux débats, mêlant les spécialistes des différentes disciplines, interrogeant son exceptionnalité, hésitant sur ses critères et sa définition. On essaie ici d’examiner son rapport à l’histoire, sa relation complexe aux jeux de domination et d’exclusion. On s’efforce surtout de concevoir une nouvelle grammaire des relations internationales : au-delà de la métaphore hobbesienne qui compare celles-ci à un combat de gladiateurs, la mondialisation nous introduit à de nouveaux acteurs, à de nouveaux principes de régulation, à une autre conception de la violence et de la sécurité.
520 _aL’adieu au gladiateur ? Globalization gives rise to much debate among specialists of several disciplines, questioning its exceptionalism, and hesitating over its criteria and definitions. We strive here to examine its link with history, and its complex relationship to the interplay between domination and exclusion. Most of all, we try to conceive a new framework of international relations : beyond the Hobbes metaphor which compares the new international relations with a gladiator’s struggle, globalization institutes new actors, new ways of regulation, and a new vision of violence and security.
786 0 _nRelations internationales | 124 | 4 | 2005-12-01 | p. 113b-125b | 0335-2013
856 4 1 _uhttps://shs.cairn.info/revue-relations-internationales-2005-4-page-113b?lang=fr&redirect-ssocas=7080
999 _c1603547
_d1603547